Statistics for Which State are These Natural Wonders From?

Click here to take the quiz!

General Stats

  • This quiz has been taken 27 times
    (5 since last reset)
  • The average score is 14 of 15

Answer Stats

Geographical SiteState% Correct
DenaliAlaska
100%
Grand CanyonArizona
100%
Death ValleyCalifornia
100%
Red Rocks Natural AmphitheaterColorado
100%
The EvergladesFlorida
100%
Mammoth CaveKentucky
100%
Carlsbad CavernsNew Mexico
100%
Niagara FallaNew York
100%
Crater LakeOregon
100%
Hamilton Pool PreserveTexas
100%
Great Salt LakeUtah
100%
Mount Saint HelenWashington
100%
Yellowstone(Mainly)Wyoming
100%
Iao ValleyHawaii
67%
Breton Wildlife RefugeLouisiana
33%

Score Distribution

Percentile by Number Answered

Percent of People with Each Score

Your Score History

You have not taken this quiz since the last reset